| 000 | 00857nam a2200241 a 4500 | ||
|---|---|---|---|
| 001 | 000026022 | ||
| 005 | 20200930024233.0 | ||
| 008 | 110225s1965 sp r 000 f spa d | ||
| 040 |
_aDO-SdBNP _bspa _cBNPHU |
||
| 041 | 1 | 7 |
_aesp _hfre _2Código de idioma MARC |
| 082 |
_aNNN _bC421p, 1965 |
||
| 100 | 1 |
_aCesbron, Gilbert, _d1913-1979 _939609 |
|
| 240 | 1 | 0 |
_aChiens perdus sans collier _lEspañol. |
| 245 | 1 | 0 |
_aPerros perdidos sin collar / _cGilbert Cesbron ; traducción del francés por María Barbeito y Cerviño. |
| 250 | _a3a ed. | ||
| 260 |
_aBarcelona, (España) : _bEdiciones Destino, _c1965. |
||
| 300 |
_a303, [2] p. ; _c19 cm. |
||
| 490 | 1 |
_aÁncora y delfín _v112 |
|
| 534 |
_aTítulo original: _tChiens perdus sans collier |
||
| 700 | 1 |
_aBarbeito y Cerviño, María _etr. _952929 |
|
| 830 | 0 |
_aÁncora y delfín ; _v112 _94704 |
|
| 049 | _aBNGR | ||
| 999 |
_c25514 _d25514 |
||